Discusión de la teoría sobre puentes colgantes sin rigidez
Guardado en:
| Hovedforfatter: | |
|---|---|
| Andre forfattere: | |
| Format: | Ukendt |
| Udgivet: |
[San José, Costa Rica]
1959
|
| Fag: | |
| Tags: |
Tilføj Tag
Ingen Tags, Vær først til at tagge denne postø!
|
MARC
| LEADER | 00000 a2200000 4500 | ||
|---|---|---|---|
| 003 | 011076 | ||
| 005 | 20221231143804.0 | ||
| 008 | 140114s1959 cr a m 000 ||s d | ||
| 040 | |c cru CEDI | ||
| 090 | |a TFG 114 | ||
| 100 | |a Vargas Solera, Alejandro |9 17272 | ||
| 245 | |a Discusión de la teoría sobre puentes colgantes sin rigidez | ||
| 260 | |c 1959 |a [San José, Costa Rica] | ||
| 300 | |a 86 hojas, diagramas, gráficos (plegables) ; 28 cm | ||
| 500 | |a Tesis (Ingeniero Civil) Universidad de Costa Rica. "Preferentemente desarrollada sobre los articulos 8 y 9 del capitulo 1 del libro "A practical treatise on suspension bridges" de D. B. Steinman, 2. ed. | ||
| 650 | |x PUENTES |9 17275 | ||
| 700 | |9 17274 |a Vargas Solera, Fernando | ||
| 942 | |c TFG | ||
| 999 | |c 12008 |d 12008 | ||
